000
00304nam a2200121Ia 4500
008
190216s9999||||xx |||||||||||||| ||und||
100
_a
Ems Namboodiripad
245
0
_a
"Kerala Yesterday,Today,And Tomorrow"
260
_b
Sterling Publications
_c
1987
300
_a
254p
650
_a
History
942
_c
BK
999
_c
18715
_d
18715